000 00192nam a2200073Ia 4500
008 170817s9999 xx 000 0 und d
100 _aDutt.Gopal N.H
245 0 _aEnvironmental Pollution & Control
260 _bNeel Kamal Pub
999 _c38301
_d38301